000 00297nam a2200109Ia 4500
008 220204s9999 xx 000 0 und d
082 _a030=573.14=1112
_bMAD
100 _aMadhavan Pillai, C
245 0 _aNBS English Malayalam dictionary (Malayalam)
260 _aKottayam
_bSPCS
_c1966
942 _cBK
999 _c20697
_d20697